00215pam a2200097 a 4500020000500000041000800005100001900013245004400032260003100076300001000107 c aeng aChaudahri.N.C. aA Passage To EnglandhTextual Documents a[s.l]:bOrient Paper Books a237p.